| 000 | 01010nam a2200277 a 4500 | ||
|---|---|---|---|
| 001 | 1512 | ||
| 003 | BR-CuiBMT | ||
| 005 | 20231214192450.0 | ||
| 008 | 231213s2014 dfba 000 0 por d | ||
| 040 |
_aBR-CuiBMT _cBR-CuiBMT |
||
| 080 |
_a658.3:35.08 _22007 |
||
| 090 |
_a658.3:35.08 _bE82 |
||
| 245 | 0 | 0 |
_aEstudos em gestão de pessoas no serviço público / _cOrganizadores Marizaura Reis de Souza Camões, Diogo Ribeiro da Fonseca, Valéria Porto. |
| 260 |
_aBrasília : _bENAP ; _c2014. |
||
| 300 |
_a142 p. : _bil. ; _c30 cm |
||
| 490 | 1 |
_aCadernos ENAP ; _v37 |
|
| 504 | _aInclui bibliografia. | ||
| 650 |
_aGestão de pessoas _xPolíticas públicas _xEstudo e ensino |
||
| 650 |
_aAdministração pública _xCapacitação profissional |
||
| 650 |
_aAdministração de pessoal _xQualidade de vida no trabalho |
||
| 700 |
_aCamões, Marizaura Reis de Souza _4Org. |
||
| 700 |
_aFonseca, Diogo Ribeiro da _4Org. |
||
| 700 |
_aPorto, Valéria _4Org. |
||
| 830 |
_aCadernos ENAP ; _v37 |
||
| 942 |
_2udc _cLV |
||
| 999 |
_c1512 _d1512 |
||